00625nam a2200193Ia 4500008004000000020001500040041000800055082001300063100001900076245003200095260006700127300001400194650001900208650001700227690001700244906001100261999001900272952014000291210210b2008 xxu||||| |||| 00| 0 eng d a8122422004 aeng a576 KARP aKAR (Ashutosh) aPharmaceutical microbiology aNew DelhibNew Age International (P) Limited Publishersc2008 axviii,363 aPharmaceutical amicrobiology aMicrobiology a062328 c117447d117447 001040708BotanyaALbALcMicrobiologyd2021-02-17eKnowledge Worldg200.00l0o576 KARPp062328r2021-02-17 00:00:00w2021-02-17yBK